000 00739nam a22002297a 4500
003 OSt
005 20251009012632.0
008 251009b |||||||| |||| 00| 0 eng d
020 _a13 : 978-0-323-03427-2.
040 _aDWCL-Admin lib
_cOC
082 _aCirc. 362.1068 P844m 2007
100 _aPorter-O'Geady. Tim
245 _aManaging for success in health care
_cTim Porter-O'Geady
260 _aSt. Louis, Mo. :
_bMosby/Elsevier,
_cc2007
300 _axic, 635 p. : col. ill. ;
_c24 cm.
504 _aIncludes bibliographical references & index.
650 _a1. Health services administration
650 _a2. Leadership
650 _a3. Organizational change
700 _aMalloch, Kathy
942 _2ddc
_cBK-CIRC
_kCirc.
_n0
999 _c4729
_d4729